Mannschaften der Oberliga Westfalen 2024/25 - Statistiken

Allgemein
  • Dieses Quiz wurde 29 mal gespielt
  • Das Durchschnittsergebnis liegt bei 10 aus 19
Antwortstatistiken
Mannschaften % Korrekt
SG Wattenscheid 09
84%
SC Preußen Münster II
79%
Rot Weiss Ahlen
74%
VfL Bochum II
74%
Sportfreunde Siegen
68%
SV Lippstadt 08
68%
Westfalia Rhynern
58%
ASC 09 Dortmund
53%
SC Verl II
53%
FC Eintracht Rheine
47%
SpVgg Erkenschwick
47%
TSV Victoria Clarholz
42%
TuS Bövinghausen
42%
1. FC Gievenbeck
37%
SG Finnentrop/Bamenohl
37%
SpVgg Vreden
37%
SV Schermbeck
26%
Concordia Wiemelhausen
16%
TuS Ennepetal
16%
Keine übereinstimmenden Quizze gefunden
Verteilung der Resultate
Anzahl Personen mit jedem Resultat
Perzentil nach korrekt beantworteten Fragen
Ihre Resultats-Entwicklung
Sie haben dieses Quiz noch nicht gespielt